000 00514nam a22001697a 4500
005 20251108164225.0
008 250721s1983 xx 000 0 ara d
082 1 4 _a327.56/أحم
100 1 _aالدجاني، أحمد صدقي
245 1 0 _aرؤى مستقبلية عربية للثمانينات /
264 1 _aالقاهرة :
_bدار المستقبل العربي،
_c1983.
300 _a184ص
650 1 7 _aالعرب
650 1 7 _aالعلاقات الدولية
942 _2ddc
_cBK
999 _c6792
_d6792